Japanese things: being notes on various subjects connected with Japan

Saved in:
Bibliographic Details
Main Author: Chamberlain, Basil Hall (Author)
Format: Book
Language:English
Published: Rutland Tuttle 1992
Subjects:
Tags: Add Tag
No Tags, Be the first to tag this record!

MARC

LEADER 00000nam a2200000 a 4500
001 UCY5300
003 CL-VaPUC
008 950425e19920000US |||||||||||||||||eng|d
082 0 4 |a 952  |b CHA  |2 21 
100 0 |a Chamberlain, Basil Hall  |e author  |9 334002 
245 1 0 |a Japanese things: being notes on various subjects connected with Japan 
300 |a 568 p 
942 |c BK 
945 |d 19950425 00:00:00  |a awong 
260 |a Rutland  |b Tuttle  |c 1992 
500 |a Incluye 1 mapa plegado en bolsillo 
650 0 |a Descripciones y viajes  |9 262159 
651 0 |a Japón   |9 260391 
583 |a last modification  |c 20120823 11:28:22  |k Rodrigo Vera 
999 |c 232992  |d 232990 
952 |0 0  |1 0  |4 0  |6 952_000000000000000_CHA_1992  |7 0  |8 A  |9 238024  |a BIBGIM  |b BIBGIM  |d 2019-11-18  |i 3078957  |o 952 CHA 1992  |p 3078957  |r 2025-01-15  |w 2019-11-18  |y BK  |k ORI